Normal view
MARC view
- Bretthorst, G. Larry
Entry Personal Name
001 - CONTROL NUMBER
- control field: 103371
003 - CONTROL NUMBER IDENTIFIER
- control field: NUST
005 - DATE AND TIME OF LATEST TRANSACTION
- control field: 20221122143036.0
008 - FIXED-LENGTH DATA ELEMENTS
- fixed length control field: 221122|| aca||aabn | a|a d
040 ## - CATALOGING SOURCE
- Original cataloging agency: NUST
- Transcribing agency: NUST
100 ## - HEADING--PERSONAL NAME
- Personal name: Bretthorst, G. Larry
670 ## - SOURCE DATA FOUND
- Source citation: Work cat.: (NUST)181486: Jaynes, E. T. 103370, Probability theory :, 2003.
